000 00642nam a2200181 a 4500
003 0
005 20250314120811.0
008 090806s19uu xx 00 eng d
050 _aPHS TX 553.J8
_b.G93 2008
100 _aGuo, Tuo.
245 _aThe Sulfur dioxide content of selected fruit juices available in Philippine market /
_cTuo Guo.
260 _aLas PiƱas City, Philippines :
_bSouthville International School and Colleges,
_c2008.
300 _a14 pages :
_billustrations ;
_c28 cm.
650 _aFruit juices
_xAnalysis.
650 _aSulfur dioxide
_xAnalysis.
650 _aFood
_xSafety measures
_vPhilippines.
942 _2lcc
_cPASS
999 _c98121
_d98121